| 000 | 00498nam a2200145 a 4500 | ||
|---|---|---|---|
| 001 | 2595 | ||
| 003 | CDMR | ||
| 005 | 20130116135233.0 | ||
| 008 | 130130s2008||||||||||||||||||||||||||||d | ||
| 040 |
_aCDMR _bcat _cCDMR |
||
| 111 | 2 |
_aForum Mundial de la Televisió Infantil _cBarcelona _d2007 _n11enes _91945 |
|
| 245 | 1 | 0 | _aLlibre del Fòrum Mundial de la Televisió Infantil 2007 |
| 260 |
_aBarcelona _c2008 _bObservatori Europeu de la Televisió Infantil. Comissionat de les Arts Audiovisuals |
||
| 942 | _cMON | ||
| 999 |
_c2595 _d2595 |
||